| 000 | 00646nam a2200229 a 4500 | ||
|---|---|---|---|
| 001 | BRCA_7165 | ||
| 005 | 20190320205732.0 | ||
| 008 | 180211s1950----u--a######---#000-0#eng-# | ||
| 041 | _aeng | ||
| 044 | _au | ||
| 050 | 4 |
_aNB253 _b.W44 2 1950 |
|
| 100 | 1 |
_aWilder Weismann, Elizabeth _914211 |
|
| 245 | 1 | 0 |
_aMexico in Sculpture _b1521-1821 _cElizabeth Wilder Weismann. |
| 260 |
_aCambridge, Mass. _bHarvard University _c1950 |
||
| 300 |
_a224 p. _bil. _c26 cm. |
||
| 500 | _aIncluye índice onomástico | ||
| 500 | _aEjemplar igual a F47 | ||
| 500 | _aO208 | ||
| 650 | 1 | 4 |
_aEscultura _xHistoria _zMéxico _94121 |
| 902 | _aGFM | ||
| 942 |
_2lcc _cB |
||
| 999 |
_c6846 _d6846 |
||